Conceptos y herramientas de management /

Guardado en:
Autor Principal: Lazzati, Santiago.
Formato: Libro
Idioma:Spanish
Publicado: [Buenos Aires] : Mercado, 1995-1997.
Series:Cuaderno ; 1-25.
Materias:
Etiquetas: Agregar Etiqueta
Sin Etiquetas, Sea el primero en etiquetar este registro!
LEADER 01641nam a22001935 4500
001 EAD.ead004151
008 080718b19951997ag#d#####b####000#0#spa#d
005 20171019180355.0
245 1 0 |a Conceptos y herramientas de management /  |c Santiago Lazzati. 
260 |a [Buenos Aires] :  |b Mercado,  |c 1995-1997. 
300 |a p. varia ;  |c 24 cm. 
490 1 |a Cuaderno ;  |v 1-25 
504 |a Incluye referencias bibliográficas. 
505 0 |a Toma de decisiones /Lazzati, Santiago -- Los estilos gerenciales en el proceso RP/TD / Ponte, Jorge -- Creatividad e innovación / Ponte, Jorge -- La participación en la toma de decisiones /Lazzati, Santiago -- Comunicaciones eficaces / Torre, Hugo O. de la -- La técnica del grupo nominal /Lazzati, Santiago -- Modelo de análisis organizacional / Lazzati, Santiago -- Reuniones productivas / Lazzati, Santiago -- Trabajo en equipos / Gore, Ernesto -- Management del cambio organizacional / Lazzati, Santiago -- Negociación racional / Martín, Miguel A. -- Negociación aplicada / Martín, Miguel A. -- Administración por objetivos / Lazzati, Santiago -- Resolución de conflictos : nuevas formas / Martín, Miguel A. -- grupos y equipos / Lazzati, Santiago -- Factor humano y empresa / Fusillo, Nora I. -- Motivación / Lopez Espinoza, Gustavo -- Liderazgo / Lopez Espinoza, Gustavo -- Mejora continua y calidad total de clase mundial / Torres, Héctor -- Administración del desempeño / Cravino, Luis María. 
100 1 |a Lazzati, Santiago. 
830 0 |a Cuaderno ;  |v 1-25. 
082 0 4 |a 658  |2 21 
650 7 |a Administración de empresas.  |2 unbist 
859 |a AR-BaBDC  |b BIB. ADMINISTRACION - Libros  |h 658  |i L457-1  |p b03641